Stratégia distribučnej politiky a manažment (štruktúra, priority, tendencie)

Recenzia publikácie autorov: Daňo Ferdinand, Richterová Kornélia: Stratégia distribučnej politiky a manažment (štruktúra, priority, tendencie), Bratislava, Sprint 1997. 191 s. Publikácia rieši otázky stratégie distribučnej politiky a manažmentu. Postavenie distribučnej politiky v marketingu firmy a...

Ausführliche Beschreibung

Gespeichert in:
Bibliographische Detailangaben
1. Verfasser: Szarková, Miroslava, 1951-
Format: Buchkapitel
Sprache:Slowakisch
Schlagworte:
Tags: Tag hinzufügen
Keine Tags, Fügen Sie das erste Tag hinzu!

MARC

LEADER 00000naa a2200000 4500
001 r031295
005 20240502071330.1
041 0 |a slo 
044 |a SK 
245 1 0 |a Stratégia distribučnej politiky a manažment  |b (štruktúra, priority, tendencie)  |c Miroslava Szarková 
520 |a Recenzia publikácie autorov: Daňo Ferdinand, Richterová Kornélia: Stratégia distribučnej politiky a manažment (štruktúra, priority, tendencie), Bratislava, Sprint 1997. 191 s. Publikácia rieši otázky stratégie distribučnej politiky a manažmentu. Postavenie distribučnej politiky v marketingu firmy a v marketingovom mixe. Rozhodovanie v distribučnej politike. Distribučné analýzy a stratégie. Distribučný controlling. 
610 2 0 |a distribúcia 
610 2 0 |a manažment 
610 2 0 |a marketing 
610 2 0 |a rozhodovanie 
610 2 0 |a recenzie 
100 1 |a Szarková, Miroslava, 1951-